000 01365cam a2200289 i 4500
003 SA-RiAUC
005 20251022080142.0
008 251008s1979 le g 00000 ara c
040 _aSA-JeALM
_bara
_cSA-RiAUC
_erda
082 0 4 _a216
090 _a216
_bج ن د
100 1 _aالجندي، أنور،
_d1917-2002
_eمؤلف.
245 1 0 _aأخطاء المنهج الغربي الوافد في العقائد والتاريخ والحضارة واللغة والأدب والاجتماع /
_bمعه سقوط العلمانية
_cبقلم أنور الجندي.
250 _aالطبعة الأولى.
264 1 _aبيروت :
_bدار الكتاب اللبناني،
_c1974
300 _a440 + 199 صفحة ؛
_bعناونين
_c24 سم.
336 _aنص
_btxt
_2rdacontent
_3كتاب
337 _aبدون وسيط
_bn
_2rdamedia
338 _aمجلد
_bnc
_2rdacarrier
440 2 _aالموسوعة الإسلامية العربية
_v6 ، 2
501 _aمع الكتاب عنوان سقوط العلمانية . انور الجندي . ط 1 . دار الكتاب اللبناني . بيروت . 199 صفحة
650 7 _aالتاريخ الإسلامي
_2aucsh
650 7 _aالتاريخ
_xمناهج بحث
_2aucsh
650 7 _aالإسلام
_xدفع مطاعن
_2aucsh
942 _2ddc
_cBOOK
_n0
949 _aSA-JeALM
_d251008
_uosman123
_n1
999 _c12698
_d12698